000 00914nam a2200289 4500
001 113579
003 ES-MaACL
005 20230906185939.0
007 t|
008 061121s1986 sp r ||||1| spa d
020 _a84-7085-1160
100 1 _aFernández Díaz, Andrés.
_949739
245 1 0 _aIntroducción y metodología de la política económica /
_cAndrés Fernández Díaz y Luis Rodríguez Saiz ; prólogo de Carlo Pace.
250 _a4ª ed.
260 _aMadrid :
_bICE,
_c1986.
300 _a395 p. ;
_c22 cm.
490 1 _aSelecciones de economía
500 _aIndice.
504 _aBibliografía.
650 0 4 _aPolítica económica.
_916293
650 4 _aEconomía-
_xMetodología.
_9148239
700 1 _aRodríguez Saiz, Luis.
_998790
700 1 _aPace, Carlo.
_988110
830 0 _aSelecciones de economía
_9184332
852 _aES-MaACL
_jL-12866
_bR.115468
999 _c113579
_d113579